| 000 | 00349 a2200145 4500 | ||
|---|---|---|---|
| 001 | 156042 | ||
| 040 | _cEscola São Tomás de Aquino | ||
| 100 | _aGUERAUD, Guillaume | ||
| 240 | 1 | 0 |
_aMedonhos, sujos e gentis. _lpor |
| 245 | 1 | 0 | _aMedonhos, sujos e gentis. |
| 300 | _a108 | ||
| 362 | 0 | _a2012 | |
| 697 | _a*LITERATURA INFANTO JUVENIL | ||
| 942 | _cBK | ||
| 999 |
_c156042 _d156042 |
||